| 000 | 00630nam a2200253 a 4500 | ||
|---|---|---|---|
| 001 | BS0002120 | ||
| 003 | BR-BrBNA | ||
| 005 | 20231110144411.0 | ||
| 008 | 230308b |||||||| |||| 00| 0 por d | ||
| 040 |
_aBR-BrBNA _bpor _cBiblioteca Nacional de Agricultura |
||
| 041 | _apor | ||
| 072 | _aU10 | ||
| 090 |
_aU10 _bBS0002120 |
||
| 100 | 1 | _aCosta, Paulo José Jr. | |
| 245 | 1 | _aMeu São Paulo?... Nunca mais / | |
| 250 | 1 | _a2 ed. | |
| 260 | 3 |
_aSão Paulo, SP: _bEditora ARX, _c2003. |
|
| 300 | _a139 p. | ||
| 650 | _aSÃO PAULO | ||
| 650 | _aARQUITETURA | ||
| 650 | _aURBANISMO | ||
| 650 | _aHISTÓRIA | ||
| 942 |
_cBK _2AGRIS |
||
| 999 |
_c7334 _d7334 |
||